Jump to Closest Island/Continental Capital City - Start in Rome - Statistics

General Stats
  • This quiz has been taken 157 times
  • The average score is 39 of 72
Answer Stats
D (km) Capital City % Correct
687 Valletta
100%
357 Tripoli
93%
241 Beirut
90%
1.877 Nicosia
90%
140 Doha
83%
3.313 Male
81%
1.682 Manama
81%
2.927 Colombo
76%
315 Kuala Lumpur
76%
2.682 Muscat
76%
2.873 Singapore
76%
2.172 Dhaka
75%
1.325 Bandar Seri Begawan
74%
1.860 Bangkok
74%
1.182 Jakarta
74%
2.212 Manila
73%
1.287 Pyongyang
73%
1.480 Seoul
73%
1.155 Tokyo
73%
1.754 Hanoi
71%
1.977 Phnom Penh
71%
1.667 Taipei
71%
3.604 Ngerulmud
69%
3.657 Vientiane
65%
3.870 Dili
61%
3.809 Canberra
60%
2.330 Wellington
60%
9.370 Santiago
59%
565 Georgetown
58%
4.978 Port-of-Spain
58%
702 Saint George's
58%
937 Bridgetown
56%
586 Caracas
56%
1.510 Kingston
56%
683 Kingstown
56%
1.045 Paramaribo
56%
1.310 Port-au-Prince
56%
1.846 Bogota
55%
1.471 Havana
55%
1.466 Nassau
55%
932 Belmopan
53%
1.038 Panama City
53%
1.584 San Jose
53%
2.361 Santo Domingo
53%
1.534 Washington
53%
2.594 Basseterre
51%
1.881 Managua
48%
2.490 Castries
45%
2.599 Quito
40%
2.738 Saint John's
40%
3.969 Moroni
39%
7.182 Praia
39%
3.000 Roseau
39%
3.097 Sao Tome
39%
2.828 Tegucigalpa
39%
1.903 Antananarivo
38%
653 Dakar
38%
303 Libreville
38%
1.027 Dodoma
36%
3.131 Guatemala City
36%
2.956 San Salvador
36%
2.592 Victoria
33%
1.566 Lilongwe
31%
1.343 Mogadishu
31%
2.791 Port Louis
30%
2.628 Maputo
28%
321 Brussels
20%
776 Dublin
20%
9.159 London
20%
757 Amsterdam
19%
1.750 Oslo
19%
2.019 Reykjavik
19%
No matching quizzes found
Score Distribution
Percent of People with Each Score
Percentile by Number Answered
Your Score History
You have not taken this quiz